Wszystkie utwory z albumu Sentino - ,,Zabójstwo Liryczne 0" - Statystyki

Ogólne statystyki
  • Ten quiz został rozwiązany 10 razy
  • Średni wynik to 8 z 14
Statystyki odpowiedzi
Nr. Nazwa % Poprawnych
11. Barsy
78%
14. Jack Daniels
67%
5. Jeszcze raz
67%
4. Karl Lagerfeld 2
67%
13. Dziki Wschód
56%
2. El Dorado
56%
9. Las Vegas, Las Palmas, Las Kabacki
56%
7. Oni albo ja 2
56%
12. Polska Miłość
56%
10. Tabu
56%
8. Gdzieś Indziej
44%
1. Zero Emocji
44%
6. La Familia
33%
3. Nic Nie Mów 2
33%
Nie znaleziono quizów pasujących do podanych kryteriów
Rozkład punktacji
Procent ludzi z każdym wynikiem
Percentyl według liczby udzielonych odpowiedzi
Twoja historia wyników
Nie rozwiązałeś tego quizu